[Event "Landesklasse Ost 2016/2017"]
[Site "?"]
[Date "2016.11.27"]
[Round "3"]
[White "Lehmann, Volkhard"]
[Black "Werner, Daniel"]
[Result "1/2-1/2"]
[WhiteElo "1674"]
[BlackElo "1771"]
[PlyCount "144"]
[EventDate "2016.??.??"]
[WhiteTeam "Schachklub Weida"]
[BlackTeam "SC Rochade Zeulenroda"]

1. d4 d5 2. Bf4 Nf6 3. e3 e6 4. a3 Bd6 5. Bg3 Ne4 6. Nd2 Nxg3 7. hxg3 Nd7 8. c4
c6 9. Ngf3 Nf6 10. c5 Bc7 11. Bd3 h6 12. Qc2 Qe7 13. b4 e5 14. dxe5 Bxe5 15.
Nxe5 Qxe5 16. Rd1 a6 17. Nf3 Qe7 18. Rh4 Bg4 19. Rd2 Rd8 20. Nd4 Qe5 21. Bf5
Bxf5 22. Qxf5 Qxf5 23. Nxf5 O-O 24. Nd6 Rd7 25. Rdd4 Ne8 26. Nf5 Nf6 27. Rdf4
Ne8 28. Rhg4 Kh7 29. Rd4 g6 30. Nh4 Ng7 31. Rd2 g5 32. Nf3 Ne6 33. Nd4 Ng7 34.
Ne2 Ne6 35. Nd4 Ng7 36. Ne2 Re7 37. Rgd4 Ne6 38. R4d3 f5 39. Kf1 Kg6 40. Kg1
Rfe8 41. Rd1 Nf8 42. Kf1 Nd7 43. a4 Re4 44. Rd4 Nf6 45. Nc3 Rxd4 46. Rxd4 Ne4
47. Nd1 Kf7 48. Ke1 Ke6 49. Ke2 Ke5 50. Rd3 g4 51. Nb2 Rd8 52. Rd4 Kf6 53. Rd3
h5 54. a5 Rh8 55. Nd1 h4 56. gxh4 Rxh4 57. f3 gxf3+ 58. gxf3 Rh2+ 59. Ke1 Ng5
60. e4 fxe4 61. fxe4 Nxe4 62. Rf3+ Ke7 63. Re3 Kd7 64. Rd3 Rg2 65. Re3 Rg3 66.
Ke2 Ke6 67. Rxg3 Nxg3+ 68. Kd3 Nf5 69. Nf2 Ke5 70. Ng4+ Kf4 71. Nf6 Ke5 72.
Ng4+ Ke6 1/2-1/2

[Event "Landesklasse Ost 2016/2017"]
[Site "?"]
[Date "2016.11.27"]
[Round "3"]
[White "Wiedemann, Volker"]
[Black "Koseck, Christian"]
[Result "1/2-1/2"]
[WhiteElo "1820"]
[BlackElo "1628"]
[PlyCount "47"]
[EventDate "2016.??.??"]
[WhiteTeam "SC Rochade Zeulenroda"]
[BlackTeam "Schachklub Weida"]

1. Nf3 d5 2. b3 Nf6 3. Bb2 Nbd7 4. e3 e6 5. d4 Be7 6. Nbd2 O-O 7. Bd3 b6 8. O-O
Bb7 9. c4 c5 10. Rc1 cxd4 11. exd4 Rc8 12. Qe2 Re8 13. Rfe1 Nf8 14. Ne5 Bd6 15.
Ndf3 Qe7 16. Rc2 Rc7 17. Rec1 Rec8 18. Ng5 Bxe5 19. dxe5 N6d7 20. Nf3 Nc5 21.
cxd5 Bxd5 22. h3 Nxd3 23. Qxd3 Ng6 24. Rxc7 1/2-1/2

[Event "Landesklasse Ost 2016/2017"]
[Site "?"]
[Date "2016.11.27"]
[Round "3"]
[White "Hoffmann, Tim"]
[Black "Werner, Sebastian"]
[Result "1-0"]
[WhiteElo "2048"]
[BlackElo "1759"]
[PlyCount "39"]
[EventDate "2016.??.??"]
[WhiteTeam "ESV Gera"]
[BlackTeam "SSV Vimaria 91 Weimar"]

1. e4 e6 2. d4 d5 3. Nd2 dxe4 4. Nxe4 Nd7 5. g3 Ngf6 6. Nxf6+ Nxf6 7. Bg2 c5 8.
Nf3 cxd4 9. Qxd4 Qxd4 10. Nxd4 a6 11. O-O Be7 12. Nc6 Bc5 13. Na5 Ra7 14. Nb3
Bd6 15. Be3 Ra8 16. Rfd1 Ke7 17. Na5 Nd5 18. Bd4 Bb4 19. Nc4 b5 20. Bxd5 1-0

[Event "Landesklasse Ost 2016/2017"]
[Site "?"]
[Date "2016.11.27"]
[Round "3"]
[White "Vogel, Steffen"]
[Black "Puschendorf, Steffen"]
[Result "0-1"]
[WhiteElo "1820"]
[BlackElo "2031"]
[PlyCount "70"]
[EventDate "2016.??.??"]
[WhiteTeam "SSV Vimaria 91 Weimar"]
[BlackTeam "ESV Gera"]

1. d4 e6 2. c4 f5 3. Nc3 Nf6 4. Bg5 Bb4 5. Qc2 h6 6. Bd2 O-O 7. Nf3 b6 8. g3
Bb7 9. Bg2 c5 10. e3 cxd4 11. exd4 Qc8 12. b3 Ne4 13. Nxe4 Bxe4 14. Qc1 Bxd2+
15. Qxd2 Qb7 16. Qe2 Nc6 17. Rd1 d5 18. cxd5 exd5 19. O-O Rae8 20. Qb2 f4 21.
Qc3 Rf6 22. Nd2 Bxg2 23. Kxg2 Ref8 24. f3 Ne7 25. g4 Qa6 26. Rf2 Rc8 27. Qb2
Re6 28. Nf1 Ng6 29. Qd2 Rce8 30. Qd3 Qxd3 31. Rxd3 Nh4+ 32. Kg1 Re1 33. Rc2
R1e2 34. Rxe2 Rxe2 35. Nd2 Rxd2 0-1

[Event "Landesklasse Ost 2016/2017"]
[Site "?"]
[Date "2016.11.27"]
[Round "3"]
[White "Gläßl, Matthias"]
[Black "Plontke, Ingo"]
[Result "1-0"]
[WhiteElo "2065"]
[BlackElo "1814"]
[PlyCount "33"]
[EventDate "2016.??.??"]
[WhiteTeam "ESV Gera"]
[BlackTeam "SSV Vimaria 91 Weimar"]

1. e4 d6 2. d4 Nf6 3. Nc3 c6 4. Be2 b5 5. a3 Nbd7 6. Be3 Bb7 7. Nf3 e5 8. O-O
a5 9. Nd2 b4 10. Ncb1 exd4 11. Bxd4 c5 12. Bxf6 Qxf6 13. c3 Be7 14. axb4 cxb4
15. cxb4 Qxb2 16. Rxa5 Qxb4 17. Rb5 1-0

[Event "Landesklasse Ost 2016/2017"]
[Site "?"]
[Date "2016.11.27"]
[Round "3"]
[White "Mitter, Frank"]
[Black "Hilbig, Dieter"]
[Result "1/2-1/2"]
[WhiteElo "1814"]
[BlackElo "1915"]
[PlyCount "144"]
[EventDate "2016.??.??"]
[WhiteTeam "SSV Vimaria 91 Weimar"]
[BlackTeam "ESV Gera"]

1. d4 d5 2. c4 e6 3. Nc3 Nf6 4. Bg5 Be7 5. e3 h6 6. Bh4 Nbd7 7. Nf3 Ne4 8. Bxe7
Qxe7 9. cxd5 Nxc3 10. bxc3 exd5 11. Bd3 O-O 12. O-O b6 13. Qc2 Bb7 14. Rfe1 Nf6
15. Ne5 Rac8 16. Bf5 Rcd8 17. Qa4 Ra8 18. Rac1 Ne4 19. c4 Nd6 20. Bd3 dxc4 21.
Bxc4 Nxc4 22. Qxc4 c5 23. e4 Rac8 24. Ng6 Qg5 25. Nxf8 cxd4 26. Qf1 Rxc1 27.
Rxc1 Kxf8 28. Rd1 Bxe4 29. Rxd4 Bd5 30. h4 Qe5 31. Qd1 Bxa2 32. Rd8+ Ke7 33.
Rd7+ Kf6 34. Rxa7 Bd5 35. Rd7 Be6 36. Rb7 b5 37. Qf3+ Kg6 38. Qd3+ Kf6 39. Qxb5
Qe1+ 40. Qf1 Qe4 41. Qa1+ Qe5 42. Qxe5+ Kxe5 43. Kh2 Kf6 44. Kg3 g6 45. Kf4 h5
46. Rb6 Kg7 47. Ke5 Bf5 48. Kf4 Bd7 49. f3 Ba4 50. g4 hxg4 51. fxg4 Bd1 52. g5
Be2 53. Ke5 Bc4 54. Rf6 Ba2 55. Rf2 Bc4 56. Rh2 Bb3 57. h5 gxh5 58. Rxh5 Kg6
59. Rh3 Bc4 60. Rg3 Ba2 61. Kf4 Be6 62. Re3 Kg7 63. Re2 Bc4 64. Rc2 Be6 65. Rc6
Ba2 66. Rf6 Bb3 67. Ke5 Ba2 68. Kd6 Bb3 69. Ke7 Bc4 70. Rc6 Bb3 71. Rb6 Bc4 72.
Rc6 Bb3 1/2-1/2

[Event "Landesklasse Ost 2016/2017"]
[Site "?"]
[Date "2016.11.27"]
[Round "3"]
[White "Liebold, Aaron"]
[Black "Splittgerber, Frank"]
[Result "1/2-1/2"]
[WhiteElo "1655"]
[BlackElo "1802"]
[PlyCount "96"]
[EventDate "2016.??.??"]
[WhiteTeam "ESV Gera"]
[BlackTeam "SSV Vimaria 91 Weimar"]

1. e4 c5 2. Nf3 d6 3. d4 cxd4 4. Nxd4 Nf6 5. Nc3 a6 6. Be3 e5 7. Nb3 Be7 8. Be2
Be6 9. O-O O-O 10. f4 b5 11. f5 Bc4 12. a4 Bxb3 13. cxb3 b4 14. Nd5 Nxd5 15.
Qxd5 Nd7 16. Rac1 Nf6 17. Qd3 d5 18. exd5 Nxd5 19. Bf3 Nxe3 20. Qxe3 Rc8 21.
Qxe5 Bf6 22. Qe2 Qd4+ 23. Kh1 Rxc1 24. Rxc1 Qxb2 25. Qxb2 Bxb2 26. Rc6 Re8 27.
g3 g5 28. fxg6 hxg6 29. Rxa6 Re7 30. Bd5 Kg7 31. Rb6 Bc3 32. Rb7 Rxb7 33. Bxb7
g5 34. Kg2 f5 35. Kf3 Kf6 36. a5 Ke5 37. a6 Bd4 38. Bc8 Bb6 39. h4 gxh4 40.
gxh4 Kf6 41. Ke2 Kg6 42. h5+ Kxh5 43. Bxf5 Kg5 44. Bc8 Kf4 45. Kd3 Ke5 46. Kc4
Kd6 47. Kxb4 Kc7 48. Kb5 Bf2 1/2-1/2

[Event "Landesklasse Ost 2016/2017"]
[Site "?"]
[Date "2016.11.27"]
[Round "3"]
[White "Petigk, Falk"]
[Black "Schubert, Nikita"]
[Result "0-1"]
[WhiteElo "1703"]
[BlackElo "1654"]
[PlyCount "62"]
[EventDate "2016.??.??"]
[WhiteTeam "SSV Vimaria 91 Weimar"]
[BlackTeam "ESV Gera"]

1. e4 e5 2. Nf3 Nc6 3. Bb5 a6 4. Ba4 Nf6 5. O-O b5 6. Bb3 Be7 7. Re1 O-O 8. c3
d5 9. exd5 Nxd5 10. d4 exd4 11. cxd4 Be6 12. Nc3 h6 13. a3 Re8 14. Bc2 Bf8 15.
Qd3 g6 16. Qd1 Bg7 17. Be3 Na5 18. h3 Nc4 19. Qc1 Kh7 20. Ne2 Ncxe3 21. fxe3
Qf6 22. e4 Nb6 23. Nf4 Kg8 24. d5 Bxd5 25. Nxd5 Nxd5 26. exd5 Rxe1+ 27. Nxe1
Re8 28. Nf3 Re2 29. Rb1 Qb6+ 30. Kh1 Qf2 31. Ne1 Qf1+ 0-1

[Event "Landesklasse Ost 2016/2017"]
[Site "?"]
[Date "2016.11.27"]
[Round "3"]
[White "Steinmüller, Johannes"]
[Black "Lieke, Arno"]
[Result "1-0"]
[WhiteElo "1752"]
[BlackElo "1636"]
[PlyCount "93"]
[EventDate "2016.??.??"]
[WhiteTeam "ESV Gera"]
[BlackTeam "SSV Vimaria 91 Weimar"]

1. e4 c6 2. d4 d5 3. Nc3 dxe4 4. Nxe4 Bf5 5. Ng3 Bg6 6. Nf3 e6 7. h4 h6 8. h5
Bh7 9. Bd3 Bxd3 10. Qxd3 Nf6 11. Bd2 Nbd7 12. O-O-O Qc7 13. Qe2 O-O-O 14. Ne5
Nxe5 15. dxe5 Nd5 16. a3 Be7 17. c4 Nb6 18. Ba5 Bg5+ 19. Kb1 c5 20. Ne4 Bf4 21.
Nd6+ Kb8 22. g3 Bg5 23. f4 Be7 24. Nxf7 Rxd1+ 25. Rxd1 Rf8 26. Nd6 Qc6 27. Bxb6
axb6 28. Qe4 Qxe4+ 29. Nxe4 Kc7 30. Kc2 Rf5 31. Rh1 Kc6 32. Nc3 Rf8 33. a4 Rd8
34. Rd1 Rf8 35. Ne2 Rf5 36. Rh1 Rf8 37. b3 Rd8 38. Rd1 Rf8 39. Rd3 Rf5 40. g4
Rf8 41. Kd2 Kc7 42. Ke3 Rg8 43. f5 Bg5+ 44. Ke4 Re8 45. Nc3 exf5+ 46. gxf5 Kc8
47. Nb5 1-0

[Event "Landesklasse Ost 2016/2017"]
[Site "?"]
[Date "2016.11.27"]
[Round "3"]
[White "Günther, Andreas"]
[Black "Kupper, Matthias"]
[Result "1-0"]
[WhiteElo "2071"]
[BlackElo "1782"]
[PlyCount "120"]
[EventDate "2016.??.??"]
[WhiteTeam "SSV Vimaria 91 Weimar"]
[BlackTeam "ESV Gera"]

1. d4 d5 2. Nf3 Nf6 3. e3 e6 4. Bd3 Nbd7 5. O-O c5 6. b3 a6 7. Bb2 b5 8. c4 Rb8
9. Qe2 Qb6 10. cxd5 Nxd5 11. Nc3 Nb4 12. Bb1 Bb7 13. a3 cxd4 14. Nxd4 Nd5 15.
Ne4 N7f6 16. Nxf6+ Nxf6 17. e4 Bc5 18. Nf3 Rd8 19. b4 Be7 20. Bc2 h5 21. Rfd1
h4 22. Rxd8+ Bxd8 23. Bd4 Qc6 24. Ne5 Qc7 25. f3 Rh5 26. Nd3 Qc4 27. Be3 h3 28.
Nf4 Qxe2 29. Nxe2 hxg2 30. Ng3 Rh4 31. Bg5 Rh8 32. Rd1 Bb6+ 33. Kxg2 Nd7 34. a4
f6 35. Bc1 Ke7 36. Bb2 Rc8 37. Bb3 Be3 38. Rd3 Bc1 39. Bd4 g6 40. Ne2 Bh6 41.
Rc3 Rxc3 42. Nxc3 Bd2 43. Na2 Bc6 44. a5 Kd6 45. Kf2 e5 46. Be3 Bxe3+ 47. Kxe3
f5 48. Nc3 Nf6 49. exf5 gxf5 50. h4 Nd5+ 51. Bxd5 Bxd5 52. f4 Bf7 53. Ne2 Bg6
54. fxe5+ Kxe5 55. Nf4 Bh7 56. h5 Kf6 57. Nd5+ Ke5 58. Nc7 f4+ 59. Kf2 Kd4 60.
Nxa6 Kc4 1-0

[Event "Landesklasse Ost 2016/2017"]
[Site "?"]
[Date "2016.11.27"]
[Round "3"]
[White "Siegl, Detlef"]
[Black "Mißbach, Bernd"]
[Result "0-1"]
[WhiteElo "1736"]
[BlackElo "1916"]
[PlyCount "188"]
[EventDate "2016.??.??"]
[WhiteTeam "TSG Apolda"]
[BlackTeam "SV Jenapharm Jena"]

1. e4 g6 2. Nc3 c5 3. Nf3 Bg7 4. d4 cxd4 5. Nxd4 Nc6 6. Be3 Nf6 7. Bc4 O-O 8.
Bb3 d6 9. h3 Na5 10. O-O Bd7 11. Qd2 a6 12. Bh6 Nxb3 13. Nxb3 b5 14. Bxg7 Kxg7
15. a3 Bc6 16. Rfe1 Nd7 17. Qd4+ Kg8 18. Nd5 Rb8 19. Rad1 Nb6 20. Nxb6 Qxb6 21.
Qd2 Qc7 22. Nd4 Rbc8 23. Rc1 Qb7 24. Nxc6 Rxc6 25. Re3 Qc7 26. c3 a5 27. Rd1
Rc8 28. Qe1 Rc5 29. Red3 Qb6 30. Rd4 R8c6 31. Qe3 Qc7 32. Qh6 Re5 33. Qd2 Rc4
34. Re1 Qc6 35. f3 Rec5 36. Rd1 Rxd4 37. Qxd4 f6 38. Rd2 Kg7 39. Kf2 h5 40. h4
Qc7 41. g3 b4 42. axb4 Rc4 43. Qe3 axb4 44. cxb4 Rxb4 45. Kg2 Qc1 46. Qc3 Qxc3
47. bxc3 Rc4 48. Rd3 f5 49. exf5 gxf5 50. Kf2 Kf6 51. Ke2 Rc6 52. Kd2 e5 53.
Ke2 Ke6 54. Kd2 Rc4 55. Re3 Rc8 56. Ke2 Rc6 57. Kd2 Kd5 58. Re1 Ra6 59. Rg1
Ra2+ 60. Kd3 Ra4 61. Rb1 f4 62. g4 hxg4 63. fxg4 e4+ 64. Kc2 Ra2+ 65. Kb3 Rh2
66. h5 f3 67. c4+ Ke5 68. Kc3 Rg2 69. Rb5+ Ke6 70. Kd4 Rxg4 71. Ke3 Rh4 72. Rg5
Rh2 73. Rg1 Kf5 74. Rg8 Re2+ 75. Kd4 f2 76. h6 Rd2+ 77. Ke3 f1=Q 78. Rf8+ Ke5
79. Rxf1 Rd3+ 80. Kf2 Rh3 81. Rd1 Rxh6 82. Rd5+ Kf4 83. c5 Rh2+ 84. Ke1 Ke3 85.
Kf1 Rf2+ 86. Kg1 dxc5 87. Rxc5 Rd2 88. Rc8 Ke2 89. Re8 e3 90. Kg2 Rd7 91. Kg3
Rg7+ 92. Kf4 Kf2 93. Ra8 e2 94. Ra2 Kf1 0-1

[Event "Landesklasse Ost 2016/2017"]
[Site "?"]
[Date "2016.11.27"]
[Round "3"]
[White "Wicklein, Stefan"]
[Black "Geißler, Gerd"]
[Result "1-0"]
[WhiteElo "1938"]
[BlackElo "1613"]
[PlyCount "91"]
[EventDate "2016.??.??"]
[WhiteTeam "SV Jenapharm Jena"]
[BlackTeam "TSG Apolda"]

1. d4 d5 2. Nf3 Nf6 3. c4 e6 4. g3 Bb4+ 5. Bd2 Be7 6. Bg2 O-O 7. O-O Ne4 8. Qc2
Nd7 9. Bf4 c6 10. Ne5 Nxe5 11. dxe5 f5 12. exf6 Nxf6 13. Nd2 Bd6 14. Bg5 Qa5
15. e4 Ng4 16. Nb3 Qc7 17. cxd5 a5 18. h3 Nf6 19. dxc6 bxc6 20. Nd4 e5 21. Ne2
Ba6 22. Rfd1 Bxe2 23. Qxe2 Rab8 24. Rac1 Rb4 25. Qa6 Nxe4 26. Bxe4 Rxe4 27.
Qxc6 Qxc6 28. Rxc6 Re2 29. Rcxd6 Rfxf2 30. Rd8+ Kf7 31. Rf1 Rxf1+ 32. Kxf1 Rxb2
33. Rd2 Rb5 34. Ke2 a4 35. Be3 a3 36. Kd3 Rb2 37. Kc3 Rb5 38. Rd7+ Kg6 39. Ra7
Rb2 40. Rxa3 Rg2 41. Ra4 Rxg3 42. Rg4+ Rxg4 43. hxg4 h5 44. gxh5+ Kxh5 45. a4
g5 46. a5 1-0

[Event "Landesklasse Ost 2016/2017"]
[Site "?"]
[Date "2016.11.27"]
[Round "3"]
[White "Kroh, Christian"]
[Black "Vater, Rainer"]
[Result "1/2-1/2"]
[WhiteElo "1395"]
[BlackElo "1867"]
[PlyCount "84"]
[EventDate "2016.??.??"]
[WhiteTeam "TSG Apolda"]
[BlackTeam "SV Jenapharm Jena"]

1. d4 d5 2. Nf3 e6 3. c4 c6 4. Nc3 f5 5. Bf4 Bd6 6. Bg3 Nf6 7. e3 b6 8. Rc1 Ne4
9. cxd5 Nxc3 10. bxc3 exd5 11. Bd3 Bxg3 12. hxg3 O-O 13. Ne5 g6 14. c4 Be6 15.
cxd5 Bxd5 16. Bc4 Bxc4 17. Rxc4 Qd5 18. Rg1 Re8 19. Qc1 c5 20. Nf3 Nd7 21. dxc5
Nxc5 22. Qc2 Ne6 23. Ke2 b5 24. Rc6 Rad8 25. Rd1 Qxd1+ 26. Qxd1 Rxd1 27. Kxd1
Kf7 28. Ra6 Re7 29. Ra5 Rb7 30. Ne5+ Kf6 31. Nc6 Nc7 32. Rxa7 Rxa7 33. Nxa7 Ke5
34. Kd2 Kd5 35. Kc3 Kc5 36. a3 Nd5+ 37. Kb3 Kb6 38. Nc8+ Kc7 39. Na7 Kb6 40.
Nc8+ Kc7 41. Na7 Kb6 42. Nc8+ Kc7 1/2-1/2

[Event "Landesklasse Ost 2016/2017"]
[Site "?"]
[Date "2016.11.27"]
[Round "3"]
[White "Rauhut, Frank"]
[Black "Schroeter, Matthias"]
[Result "0-1"]
[WhiteElo "1794"]
[BlackElo "1576"]
[PlyCount "56"]
[EventDate "2016.??.??"]
[WhiteTeam "SV Jenapharm Jena"]
[BlackTeam "TSG Apolda"]

1. d4 d5 2. c4 c6 3. cxd5 cxd5 4. Nc3 Nf6 5. Bf4 Qb6 6. Qc2 Nc6 7. e3 a6 8. Nf3
Nb4 9. Qd1 Bf5 10. Rc1 Rc8 11. Be2 Ne4 12. O-O Nxc3 13. bxc3 Nc6 14. Rb1 Qxb1
15. Qxb1 Bxb1 16. Rxb1 Na5 17. Ne5 e6 18. Nd3 Rxc3 19. Nc5 Bxc5 20. dxc5 Kd7
21. Be5 Rxc5 22. Bxg7 Rhc8 23. Bb2 Nc4 24. Bd4 R5c7 25. Bxc4 Rxc4 26. Rxb7+
R8c7 27. Rxc7+ Kxc7 28. g3 Ra4 0-1

[Event "Landesklasse Ost 2016/2017"]
[Site "?"]
[Date "2016.11.27"]
[Round "3"]
[White "Gerlach, Dieter"]
[Black "Asmykovich, Ihar"]
[Result "0-1"]
[WhiteElo "1673"]
[BlackElo "1722"]
[PlyCount "61"]
[EventDate "2016.??.??"]
[WhiteTeam "TSG Apolda"]
[BlackTeam "SV Jenapharm Jena"]

1. e4 c6 2. d4 d5 3. Nc3 dxe4 4. Nxe4 Nd7 5. Nf3 Ngf6 6. Ng3 e6 7. Bd3 Bd6 8.
Qe2 O-O 9. O-O c5 10. c3 b6 11. Ne4 Be7 12. Bf4 Bb7 13. dxc5 Bxe4 14. Bxe4 Nxe4
15. Qxe4 Nxc5 16. Qc2 Qd3 17. Qc1 Rfd8 18. Rd1 Qf5 19. Nd4 Rxd4 20. cxd4 Nd3
21. Qc7 Qxf4 22. Qxe7 Qxf2+ 23. Kh1 Qxd4 24. Rf1 Nf2+ 25. Rxf2 Qxf2 26. Qb7 Rd8
27. Qxa7 h5 28. b4 Rd2 29. Qa8+ Kh7 30. a4 Qd4 31. Qf3 0-1

[Event "Landesklasse Ost 2016/2017"]
[Site "?"]
[Date "2016.11.27"]
[Round "3"]
[White "Skarus, Steffen"]
[Black "Liebeskind, Pascal"]
[Result "1-0"]
[WhiteElo "1776"]
[BlackElo "1420"]
[PlyCount "81"]
[EventDate "2016.??.??"]
[WhiteTeam "SV Jenapharm Jena"]
[BlackTeam "TSG Apolda"]

1. c4 Nf6 2. g3 g6 3. Bg2 Bg7 4. Nc3 d6 5. d4 Nbd7 6. e4 O-O 7. Nge2 e5 8. d5
a5 9. O-O Nc5 10. h3 Nfd7 11. Be3 Na6 12. Qd2 Ndc5 13. Nc1 f5 14. f3 a4 15. b3
a3 16. Rb1 f4 17. Bf2 Bh6 18. g4 Nb4 19. Nb5 Nba6 20. Nxa3 b6 21. Nb5 Bd7 22.
b4 Nb7 23. Nc3 Qe7 24. Nd3 Rfb8 25. Rfc1 Bf8 26. Rb2 Qd8 27. Bf1 Be7 28. Ne1
Qf8 29. Nb5 Rc8 30. Nc3 Rcb8 31. Rcb1 g5 32. Nd3 h6 33. Qc1 h5 34. Be1 h4 35.
Rb3 Rc8 36. Nf2 Nb8 37. Ra3 Ra6 38. Rxa6 Nxa6 39. c5 Naxc5 40. bxc5 Nxc5 41.
Nb5 1-0

[Event "Landesklasse Ost 2016/2017"]
[Site "?"]
[Date "2016.11.27"]
[Round "3"]
[White "Pichl, Michael"]
[Black "Sunderbrink, Heino"]
[Result "1/2-1/2"]
[WhiteElo "1937"]
[BlackElo "1899"]
[PlyCount "67"]
[EventDate "2016.??.??"]
[WhiteTeam "SV Empor Erfurt"]
[BlackTeam "SV Medizin Erfurt"]

1. g3 Nf6 2. Bg2 g6 3. c4 Bg7 4. Nc3 c5 5. Nf3 O-O 6. O-O Nc6 7. a3 e6 8. d3 d5
9. Bg5 h6 10. Bf4 b6 11. Rb1 a5 12. Ne5 Bb7 13. Nxc6 Bxc6 14. b4 axb4 15. axb4
Nh5 16. Bd2 Qd7 17. bxc5 bxc5 18. Rb6 Rab8 19. Qb3 dxc4 20. Qb1 Rxb6 21. Qxb6
Bxg2 22. Kxg2 cxd3 23. e4 Rc8 24. Ra1 Qd8 25. Qb5 Nf6 26. Ra7 Ne8 27. Rd7 Qf6
28. Qxd3 c4 29. Qe2 Qe5 30. f4 Qc5 31. Kh3 Qc6 32. Ra7 Bd4 33. Ra2 Nf6 34. e5
1/2-1/2

[Event "Landesklasse Ost 2016/2017"]
[Site "?"]
[Date "2016.11.27"]
[Round "3"]
[White "Taudte, Stefan"]
[Black "Kube, Hannelore"]
[Result "1-0"]
[WhiteElo "1958"]
[BlackElo "1866"]
[PlyCount "61"]
[EventDate "2016.??.??"]
[WhiteTeam "SV Empor Erfurt"]
[BlackTeam "SV Medizin Erfurt"]

1. d4 d5 2. c4 e6 3. Nf3 c6 4. Nc3 f5 5. Bg5 Nf6 6. e3 Be7 7. c5 Nbd7 8. Be2
O-O 9. O-O Ne4 10. Bxe7 Qxe7 11. Qc2 e5 12. b4 Nxc3 13. Qxc3 e4 14. Nd2 Nf6 15.
b5 Bd7 16. bxc6 Bxc6 17. Rab1 g5 18. f4 exf3 19. Rxf3 f4 20. Bd1 Ng4 21. e4 Ne3
22. Bb3 Kg7 23. Rxe3 fxe3 24. Qxe3 Rf6 25. Qg3 Rf4 26. exd5 Bb5 27. Nf3 Raf8
28. h3 Qe3+ 29. Kh1 Rxf3 30. gxf3 Rxf3 31. Qe5+ 1-0

[Event "Landesklasse Ost 2016/2017"]
[Site "?"]
[Date "2016.11.27"]
[Round "3"]
[White "Stumm, Rainer"]
[Black "Strauch, Martin"]
[Result "1/2-1/2"]
[WhiteElo "1558"]
[BlackElo "1766"]
[PlyCount "52"]
[EventDate "2016.??.??"]
[WhiteTeam "SV Medizin Erfurt"]
[BlackTeam "SV Empor Erfurt"]

1. d4 Nf6 2. Nc3 g6 3. e4 d6 4. Nf3 Bg7 5. Be3 O-O 6. h3 c6 7. Qd2 b5 8. a3 a5
9. Bh6 Nbd7 10. Bxg7 Kxg7 11. Bd3 Nb6 12. e5 Nfd5 13. O-O Nc4 14. Bxc4 bxc4 15.
Ne4 Bf5 16. Rfe1 Qc7 17. Ng3 Be6 18. Ng5 Rae8 19. Nxe6+ fxe6 20. Re4 Rf7 21.
Rae1 Ref8 22. Rh4 Nf4 23. Ne4 h6 24. Rg4 Kh7 25. h4 c5 26. dxc5 d5 1/2-1/2

[Event "Landesklasse Ost 2016/2017"]
[Site "?"]
[Date "2016.11.27"]
[Round "3"]
[White "Böhm, Götz"]
[Black "Kohl, Gerald"]
[Result "0-1"]
[WhiteElo "1385"]
[BlackElo "1682"]
[PlyCount "62"]
[EventDate "2016.??.??"]
[WhiteTeam "SV Empor Erfurt"]
[BlackTeam "SV Medizin Erfurt"]

1. d4 Nf6 2. c4 e6 3. Nf3 b6 4. Bg5 Be7 5. Nc3 Bb7 6. e3 O-O 7. Bd3 d5 8. Qc2
h6 9. Bf4 Nbd7 10. cxd5 Nxd5 11. Nxd5 Bxd5 12. Qxc7 Bb4+ 13. Ke2 Qxc7 14. Bxc7
Rfc8 15. Rhc1 a6 16. a3 Be7 17. Ne5 Nxe5 18. Bxe5 b5 19. Rc2 Rxc2+ 20. Bxc2 Rc8
21. Rc1 f5 22. f3 b4 23. Kd2 bxa3 24. bxa3 Bxa3 25. Ra1 Bb4+ 26. Kd1 a5 27. e4
fxe4 28. fxe4 Bc4 29. Rc1 Rf8 30. Ba4 Bd3 31. Rc2 Rf1# 0-1

[Event "Landesklasse Ost 2016/2017"]
[Site "?"]
[Date "2016.11.27"]
[Round "3"]
[White "Ramsthaler, Stefan"]
[Black "Thiemann, Jürgen"]
[Result "1-0"]
[WhiteElo "1770"]
[BlackElo "1719"]
[PlyCount "47"]
[EventDate "2016.??.??"]
[WhiteTeam "SV Medizin Erfurt"]
[BlackTeam "SV Empor Erfurt"]

1. e4 c6 2. d4 d5 3. Nd2 dxe4 4. Nxe4 Nd7 5. Nf3 Ngf6 6. Nxf6+ Nxf6 7. h3 e6 8.
Bd3 Bd6 9. O-O Qc7 10. Re1 b6 11. c4 Bb7 12. Qe2 O-O 13. Ne5 c5 14. dxc5 Bxc5
15. Bg5 Ne8 16. Ng4 Qc6 17. Qf1 Qc7 18. Rad1 Bd6 19. Bb1 f6 20. Qd3 g6 21. Bh6
Qc6 22. Qf1 Ng7 23. Bxg7 Kxg7 24. Be4 1-0

[Event "Landesklasse West 2016/2017"]
[Site "?"]
[Date "2016.11.27"]
[Round "3"]
[White "Stöber, Alexander"]
[Black "Lehmann, Peter"]
[Result "0-1"]
[WhiteElo "1743"]
[BlackElo "1866"]
[PlyCount "74"]
[EventDate "2016.??.??"]
[WhiteTeam "SK Dingelstädt 1921"]
[BlackTeam "ESV Lok Meiningen"]

1. e4 e6 2. d4 d5 3. Nd2 Nd7 4. c3 c5 5. e5 Ne7 6. Bd3 Nc6 7. Ne2 g6 8. Nf3 Bg7
9. O-O O-O 10. a3 f6 11. exf6 Bxf6 12. Rb1 e5 13. dxe5 Ndxe5 14. Nxe5 Bxe5 15.
h3 a6 16. Bh6 Bg7 17. Bxg7 Kxg7 18. Bc2 Qg5 19. f4 Qd8 20. Qd2 Be6 21. Rbd1 Qb6
22. Bb1 Rad8 23. Qe3 Rfe8 24. b4 Bg4 25. Qg3 Bxe2 26. f5 Bxf1 27. Rxf1 cxb4+
28. Kh1 Rf8 29. h4 Ne7 30. h5 Rf6 31. cxb4 Rdf8 32. Rf2 Nxf5 33. Bxf5 Rxf5 34.
Rxf5 Rxf5 35. Qc3+ d4 36. h6+ Kxh6 37. Qd2+ Kg7 0-1

[Event "Landesklasse West 2016/2017"]
[Site "?"]
[Date "2016.11.27"]
[Round "3"]
[White "Jörges, Frank"]
[Black "Lorenz, Sebastian"]
[Result "1/2-1/2"]
[WhiteElo "1827"]
[BlackElo "1715"]
[PlyCount "82"]
[EventDate "2016.??.??"]
[WhiteTeam "ESV Lok Meiningen"]
[BlackTeam "SK Dingelstädt 1921"]

1. d4 Nf6 2. Nf3 e6 3. Bf4 c5 4. e3 d5 5. c3 Nc6 6. Bd3 h6 7. Nbd2 Nh5 8. Bg3
Nxg3 9. hxg3 Bd6 10. Qe2 Bd7 11. dxc5 Bxc5 12. e4 Qe7 13. exd5 exd5 14. Qxe7+
Kxe7 15. Nb3 Bb6 16. O-O Rhe8 17. Rad1 a6 18. Rd2 Kf6 19. Rfd1 Rad8 20. Bc2 Be6
21. Nbd4 Nxd4 22. Nxd4 Bg4 23. Nf3 d4 24. cxd4 Ba5 25. Rd3 Bf5 26. Ne5 Bxd3 27.
Rxd3 Ke7 28. Ba4 Bc7 29. Re3 b5 30. Nc6+ Kd7 31. Nxd8 Rxe3 32. fxe3 Kxd8 33.
Bb3 Ke7 34. g4 f6 35. Kf2 a5 36. Kf3 Kd6 37. Ke4 b4 38. Kf5 Ke7 39. Kg6 Kf8 40.
Bd5 Bb6 41. Bc6 Ba7 1/2-1/2

[Event "Landesklasse West 2016/2017"]
[Site "?"]
[Date "2016.11.27"]
[Round "3"]
[White "Meister, Matthias"]
[Black "Grube, Jan"]
[Result "1/2-1/2"]
[WhiteElo "1719"]
[BlackElo "1766"]
[PlyCount "92"]
[EventDate "2016.??.??"]
[WhiteTeam "SK Dingelstädt 1921"]
[BlackTeam "ESV Lok Meiningen"]

1. e4 c5 2. Nc3 Nc6 3. Bc4 Nf6 4. d3 a6 5. a4 e6 6. Bg5 Be7 7. Qd2 h6 8. Bxf6
Bxf6 9. Nge2 O-O 10. O-O d6 11. h3 b6 12. f4 Bd7 13. Kh1 Nd4 14. Nxd4 Bxd4 15.
Bb3 Qh4 16. Nd1 g6 17. c3 Bg7 18. Ne3 Bc6 19. Qf2 Qxf2 20. Rxf2 b5 21. a5 b4
22. Rc1 Rab8 23. Bc4 bxc3 24. bxc3 Bb5 25. f5 exf5 26. exf5 Rfe8 27. Rf3 Bxc4
28. Nxc4 Be5 29. Nb6 g5 30. g4 Bf4 31. Rc2 Re1+ 32. Kg2 Ra1 33. Nd5 Be5 34. Re3
Rbb1 35. Kf3 Rh1 36. Ke4 Rhf1 37. Ne7+ Kg7 38. Nc6 Ra4+ 39. c4 Bf4 40. Ree2 Ra3
41. Rf2 Rh1 42. Rf3 Kf6 43. Rb2 Re1+ 44. Kd5 Rd1 45. Ke4 Re1+ 46. Kd5 Rd1
1/2-1/2

[Event "Landesklasse West 2016/2017"]
[Site "?"]
[Date "2016.11.27"]
[Round "3"]
[White "Holland-Cunz, Dietrich"]
[Black "Strecker, Frank"]
[Result "1-0"]
[WhiteElo "1804"]
[BlackElo "1674"]
[PlyCount "49"]
[EventDate "2016.??.??"]
[WhiteTeam "ESV Lok Meiningen"]
[BlackTeam "SK Dingelstädt 1921"]

1. Nf3 Nf6 2. d4 d5 3. c4 e6 4. g3 c6 5. Bg2 dxc4 6. O-O Be7 7. Ne5 O-O 8. Nc3
Nd5 9. Nxc4 Nd7 10. e4 Nxc3 11. bxc3 b5 12. Ne3 a5 13. Qc2 Ba6 14. e5 Rc8 15.
Be4 f5 16. exf6 Nxf6 17. Qb3 Nd5 18. Bd3 Rb8 19. Ng4 Qd6 20. Qc2 Nf6 21. Nxf6+
Bxf6 22. Bxh7+ Kh8 23. Re1 e5 24. Qg6 Rbd8 25. Qh5 1-0